Normal view
MARC view
- Dyer, R. H. author/Edmunds,D.E auther
Entry Personal Name
001 - CONTROL NUMBER
- control field: 4341
003 - CONTROL NUMBER IDENTIFIER
- control field: JO-AjAnu
005 - DATE AND TIME OF LATEST TRANSACTION
- control field: 20230606071018.0
008 - FIXED-LENGTH DATA ELEMENTS
- fixed length control field: 230606|| aca||aabn | a|a d
040 ## - CATALOGING SOURCE
- Original cataloging agency: JO-AjAnu
- Transcribing agency: JO-AjAnu
100 ## - HEADING--PERSONAL NAME
- Personal name: Dyer, R. H. author/Edmunds,D.E auther
670 ## - SOURCE DATA FOUND
- Source citation: Work cat.: (JO-AjAnu)2254: Dyer, R. H. author/Edmunds,D.E auther , author, From Real to Complex Analysis